Imágenes, lengua y creencias en Lusitania romana /
The papers in this volume consider the visual, linguistic and religious culture of the Roman province of Lusitania (modern Portugal (south of the Douro river) and part of western Spain).
مؤلفون آخرون: ,
التنسيق: كتاب الكتروني
اللغة: Spanish
منشور في:
Summertown, Oxford :
Archaeopress Publishing Ltd.,
2019.
سلاسل:
Access archaeology.
الموضوعات:
الوصول للمادة أونلاين: Login to view Source
الوسوم: إضافة وسم
رقم الطلب: GN842
| LEADER | 01949nam a2200457 i 4500 | ||
|---|---|---|---|
| 001 | EDZ0002134258 | ||
| 003 | StDuBDS | ||
| 005 | 20230412182557.0 | ||
| 006 | m|||||o||d|||||||| | ||
| 007 | cr ||||||||||| | ||
| 008 | 190923s2019 enka fob 000|0|spa|d | ||
| 020 | |a 9781789692952 (ebook) : |c No price | ||
| 040 | |a StDuBDS |b eng |c StDuBDS |e rda |e pn | ||
| 050 | 4 | |a GN842 | |
| 082 | 0 | 4 | |a 936.69 |2 23 |
| 245 | 0 | 0 | |a Imágenes, lengua y creencias en Lusitania romana / |c editado por Jorge Tomás García, Vanessa Del Prete. |
| 264 | 1 | |a Summertown, Oxford : |b Archaeopress Publishing Ltd., |c 2019. | |
| 300 | |a 1 online resource (272 pages) : |b illustrations (black and white, and colour). | ||
| 336 | |a text |2 rdacontent | ||
| 336 | |a still image |2 rdacontent | ||
| 337 | |a computer |2 rdamedia | ||
| 338 | |a online resource |2 rdacarrier | ||
| 490 | 1 | |a Access archaeology | |
| 500 | |a "Available in both print and Open Access"--Homepage. | ||
| 504 | |a Includes bibliographical references. | ||
| 520 | 8 | |a The papers in this volume consider the visual, linguistic and religious culture of the Roman province of Lusitania (modern Portugal (south of the Douro river) and part of western Spain). | |
| 521 | |a Specialized. | ||
| 588 | |a Description based on online resource; title from PDF title page (viewed on November 20, 2019). | ||
| 651 | 0 | |a Portugal |x Antiquities. | |
| 651 | 0 | |a Portugal |x Civilization. | |
| 651 | 0 | |a Portugal |x Religion. | |
| 651 | 0 | |a Portugal |x Languages. | |
| 650 | 0 | |a Excavations (Archaeology) |z Portugal. | |
| 700 | 1 | |a García, Jorge Tomás, |e editor. | |
| 700 | 1 | |a Del Prete, Vanessa, |e editor. | |
| 776 | 0 | 8 | |i Print version : |z 9781789692945 |
| 830 | 0 | |a Access archaeology. | |
| 856 | 4 | 0 | |3 Archaeopress |u http://library.arce.org:8087/Archaeopress/Products/9781789692945 |
| 942 | |2 lcc |c EBOOK | ||
| 952 | |0 0 |1 0 |4 0 |6 GN0842 |7 1 |9 46586 |a ARCH |b ARCH |d 2023-04-12 |l 0 |o GN842 |r 2023-04-12 00:00:00 |w 2023-04-12 |y EBOOK | ||
| 999 | |c 52244 |d 52244 | ||
